Bước chuyển sang nền kinh tế tri thức ở một số nước trên thế giới hiện nay /

Wedi'i Gadw mewn:
Manylion Llyfryddiaeth
Awduron Eraill: Lưu Ngọc Trịnh (chủ biên)
Fformat: Sách giấy
Iaith:Vietnamese
Cyhoeddwyd: H. : Giáo dục, 2002
Tagiau: Ychwanegu Tag
Dim Tagiau, Byddwch y cyntaf i dagio'r cofnod hwn!
Thư viện lưu trữ: Thư viện Trường Đại học Đà Lạt
LEADER 00734nam a2200265 4500
001 DLU030025562
005 ##20021230
008 ##021230t vn z000 vie d
040 # # |a DLU  |b vie 
041 # # |a vie 
044 # # |a vn 
082 # # |a 331.792  |b Buo 
245 # # |a Bước chuyển sang nền kinh tế tri thức ở một số nước trên thế giới hiện nay /  |c Lưu Ngọc Trịnh chủ biên 
260 # # |a H. :  |b Giáo dục,  |c 2002 
300 # # |a 444 tr. ;  |c 21 cm 
700 # # |a Lưu Ngọc Trịnh  |e chủ biên 
992 # # |a 53000 
994 # # |a DLU 
900 # # |a True 
911 # # |a Thái Thị Thanh Thủy 
925 # # |a G 
926 # # |a A 
927 # # |a SH 
980 # # |a Thư viện Trường Đại học Đà Lạt